Chemical and physical aspects of catalytic oxidation = Aspects chimiques et physiques de la catalyse d'oxydation /
Guardado en:
| Autor Corporativo: | |
|---|---|
| Otros Autores: | , |
| Formato: | Libro |
| Idioma: | English |
| Publicado: |
Paris :
Editions du CNRS,
[1980]
|
| Materias: | |
| Etiquetas: |
Agregar Etiqueta
Sin Etiquetas, Sea el primero en etiquetar este registro!
|
| LEADER | 01111cam a22002775a 4500 | ||
|---|---|---|---|
| 001 | EIQ.libpla003496 | ||
| 008 | 821027s1980####fr#a#####b####101#0#eng#d | ||
| 005 | 20080205180721.0 | ||
| 245 | 0 | 0 | |a Chemical and physical aspects of catalytic oxidation = |b Aspects chimiques et physiques de la catalyse d'oxydation / |c edited by J.L. Portefaix, F. Figueras. |
| 246 | 3 | 1 | |a Aspects chimiques et physiques de la catalyse d'oxydation. |
| 260 | |a Paris : |b Editions du CNRS, |c [1980] | ||
| 300 | |a 539 p. : |b il. ; |c 26 cm. | ||
| 500 | |a Prefacio en inglés y francés. | ||
| 504 | |a Incluye referencias bibliográficas e índice. | ||
| 020 | |a 222202739X (pbk.) | ||
| 700 | 1 | |a Portefaix, J. L. |q (Jean Louis), |e ed. |4 edt | |
| 700 | 1 | |a Figueras, F. |q (François), |e ed. |4 edt | |
| 710 | 2 | |a Centre national de la recherche scientifique (France) | |
| 082 | 0 | 0 | |a 541.3/93 |2 19 |
| 650 | 4 | |a Catálisis |x Congresos. | |
| 650 | 4 | |a Oxidación |x Congresos. | |
| 650 | 0 | |a Oxidation |x Congresses. | |
| 650 | 0 | |a Catalysis |x Congresses. | |
| 010 | |a 81151075 | ||
| 040 | |a DLC |c DLC |d AR-BbSID | ||
| 859 | |a AR-BbSID |b BIB. PLAPIQUI |h 541.395 |i P 75 |p 2203 | ||
